XXXTENTACION General Knowledge Quiz - Statistics

General Stats
  • This quiz has been taken 254 times
  • The average score is 10 of 17
Answer Stats
Question Answer % Correct
What is his most famous song? Sad
95%
Was his death in Spring, Summer, Fall/Autumn or Winter? Summer
92%
The name of his best friend? Ski mask the slump god
88%
What state was he from? Florida
74%
Who, according to conspiracy theories, killed him? Drake
73%
Biggest Instagram XXXTentacion fan page? Gekyume
71%
XXXTentacion's son's name? Gekyume
71%
And the next one? Bad Vibes Forever
63%
Name the first of the albums that came after his death. Skins
63%
What was the group of rappers he was in called? Members only
50%
^What song is that from? falling down
45%
^^Who actually sang that in the song? lil peep
45%
First song? News/Flock
40%
The real name of his best friend? Stokely
40%
In what freesytle did he mention ImDontai? King's Dead
20%
Who calls him "triple extension" Lil Wayne
15%
____ let's watch the ____ as it's ____________ What's in the blanks? girl rain falling down
9%
No matching quizzes found
Score Distribution
Percent of People with Each Score
Percentile by Number Answered
Your Score History
You have not taken this quiz